Mathematics : (Record no. 30102)
[ view plain ]
| 000 -LEADER | |
|---|---|
| fixed length control field | 00670 a2200205 4500 |
| 020 ## - INTERNATIONAL STANDARD BOOK NUMBER | |
| International Standard Book Number | 0821826972 |
| 020 ## - INTERNATIONAL STANDARD BOOK NUMBER | |
| International Standard Book Number | 9780821826973 |
| 082 04 - DEWEY DECIMAL CLASSIFICATION NUMBER | |
| Classification number | 510 |
| 090 ## - LOCALLY ASSIGNED LC-TYPE CALL NUMBER (OCLC); LOCAL CALL NUMBER (RLIN) | |
| -- | 1491 |
| -- | 1491 |
| 100 1# - MAIN ENTRY--PERSONAL NAME | |
| Personal name | Arnold, V. I. |
| 245 10 - TITLE STATEMENT | |
| Title | Mathematics : |
| Remainder of title | frontiers and perspectives / |
| Statement of responsibility, etc. | V. I. Arnold, V. I. Arnold, M. Atiyah, P. Lax, B. Mazur. |
| 260 ## - PUBLICATION, DISTRIBUTION, ETC. | |
| Place of publication, distribution, etc. | [S.l.] : |
| Name of publisher, distributor, etc. | Amer Mathematical Society, |
| Date of publication, distribution, etc. | 2000. |
| 300 ## - PHYSICAL DESCRIPTION | |
| Extent | 459 p. ; |
| Dimensions | 26 cm. |
| 700 1# - ADDED ENTRY--PERSONAL NAME | |
| Personal name | Arnold, V. I. |
| 700 1# - ADDED ENTRY--PERSONAL NAME | |
| Personal name | Atiyah, M. |
| 700 1# - ADDED ENTRY--PERSONAL NAME | |
| Personal name | Lax, P. |
| 700 1# - ADDED ENTRY--PERSONAL NAME | |
| Personal name | Mazur, B. |
| 942 ## - ADDED ENTRY ELEMENTS (KOHA) | |
| Institution code [OBSOLETE] | SNS |
| Koha item type | Book |
| Call number prefix | 510 ARN |
| Withdrawn status | Lost status | Damaged status | Not for loan | Permanent Location | Current Location | Date acquired | Total Checkouts | Full call number | Barcode | Date last seen | Price effective from | Koha item type |
|---|---|---|---|---|---|---|---|---|---|---|---|---|
| School of Natural Sciences (SNS) | School of Natural Sciences (SNS) | 05/26/2016 | 510 ARN | SNS0000372 | 05/26/2016 | 05/26/2016 | Book |
